00821nam a2200205 a 450000100100000000500170001000800410002704000250006808200160009324501190010926000430022830000420027149000320031350400430034570000420038883000390043004900090046995201200047899900170059800001932620200929170002.0100624s1964 nyuab 000 0 eng d aDO-SdBNPbspacBNPHU annnnbW361h00aWe hold these truths... :ba documentary history of the United States /cWith introduction by Harold Earl Hammond. aNew York :bCambridge Book Co.,c1964. aviii, 1-376 p. :bil., maps ;c19 cm.1 a70 Great American Documents aIncluye notas al pie de las páginas.1 aHammond, Harold Earl,eintrod.941555 0a70 Great American Documents941556 aBNGR 001052708MOaGRbGRcCTd2010-06-24iLF1l0onnnn W361hp19326-10r2020-06-25w2020-06-25y2ZPréstamo interno c18843d18843